[Event "GRE-ch U16 Girls"]
[Site "Peristeri"]
[Date "2023.07.06"]
[Round "5"]
[White "Miliou, Pinelopi"]
[Black "Alexopoulou, Eleni NA"]
[Result "1-0"]
[WhiteElo "1484"]
[BlackElo "1315"]
[PlyCount "69"]
[EventDate "2023.07.03"]
[EventType "swiss"]
[EventRounds "9"]
[EventCountry "GRE"]
[SourceTitle "EXT 2024"]
[Source "ChessBase"]
[SourceDate "2023.10.10"]
[SourceVersion "1"]
[SourceVersionDate "2023.10.10"]
[SourceQuality "1"]

1. c4 e5 2. Nc3 d6 3. g3 f5 4. Bg2 Nf6 5. e3 Be7 6. Nge2 0-0 7. d4 c6 8. d5 e4 9. 0-0 Na6 10. f3 Nc5 11. b4 exf3 12. Bxf3 Nce4 13. Qd3 Ng5 14. Bg2 Bd7 15. Nf4 Nf7 16. e4 Ne5 17. Qe2 Nfg4 18. h3 Nh6 19. Kh2 g5 20. Ne6 Bxe6 21. dxe6 Qc8 22. Qh5 Qxe6 23. Bxg5 Bxg5 24. Qxg5+ Qg6 25. Qxg6+ hxg6 26. exf5 Nxf5 27. c5 d5 28. b5 Ne3 29. Rxf8+ Rxf8 30. Re1 N5c4 31. bxc6 Rf2 32. c7 Rf8 33. Nxd5 Nxg2 34. Kxg2 Kg7 35. Ne7 1-0

[Event "GRE-chT 49th"]
[Site "Thessaloniki"]
[Date "2022.08.14"]
[Round "4"]
[White "Tounta, Nefeli"]
[Black "Miliou, Pinelopi"]
[Result "0-1"]
[WhiteElo "1290"]
[BlackElo "1411"]
[PlyCount "68"]
[EventDate "2022.08.12"]
[EventType "team-swiss"]
[EventRounds "7"]
[EventCountry "GRE"]
[SourceTitle "EXT 2024"]
[Source "ChessBase"]
[SourceDate "2023.10.10"]
[SourceVersion "1"]
[SourceVersionDate "2023.10.10"]
[SourceQuality "1"]
[WhiteTeam "Livatheias"]
[BlackTeam "Xanthis"]
[WhiteTeamCountry "GRE"]
[BlackTeamCountry "GRE"]

1. d4 d5 2. c4 c6 3. e3 e6 4. Nc3 Nf6 5. Nf3 Nbd7 6. c5 Be7 7. Bd3 Qc7 8. b4 0-0 9. Qc2 e5 10. Bf5 e4 11. Ng5 h6 12. Nh3 Nxc5 13. bxc5 Bxf5 14. Nf4 Rac8 15. 0-0 g5 16. Nfe2 Qd7 17. Ng3 Bg6 18. Qe2 Nh7 19. f3 f5 20. fxe4 fxe4 21. Nd1 Nf6 22. Nf2 Rb8 23. a4 b6 24. cxb6 axb6 25. Qa2 Kg7 26. Ba3 Bxa3 27. Qxa3 Bh5 28. Nxh5+ Nxh5 29. Rac1 Nf6 30. Rc3 Rb7 31. Rfc1 Ne8 32. h3 Nd6 33. Ng4 Nc4 34. Qa2 Ra7 0-1

[Event "GRE-chT U16"]
[Site "Thessaloniki"]
[Date "2021.12.19"]
[Round "6.5"]
[White "Miliou, Pinelopi"]
[Black "Angelakopoulou, Ioanna"]
[Result "1-0"]
[WhiteElo "1391"]
[BlackElo "1273"]
[PlyCount "83"]
[EventDate "2021.12.16"]
[EventType "team-swiss"]
[EventRounds "6"]
[EventCountry "GRE"]
[SourceTitle "CBM 205 Extra"]
[Source "ChessBase"]
[SourceDate "2022.01.31"]
[SourceVersion "1"]
[SourceVersionDate "2022.01.31"]
[SourceQuality "1"]
[WhiteTeam "Xanthis"]
[BlackTeam "Larisas"]
[WhiteTeamCountry "GRE"]
[BlackTeamCountry "GRE"]

1. c4 c5 2. Nc3 g6 3. g3 Nc6 4. Bg2 Bg7 5. e4 e6 6. d3 a6 7. Nge2 Nge7 8. 0-0 0-0 9. Be3 d6 10. f4 Nd4 11. Rb1 Nec6 12. a3 f5 13. b4 Nxe2+ 14. Nxe2 Nd4 15. Nxd4 Bxd4 16. Bxd4 cxd4 17. exf5 Rxf5 18. Bh3 Rf7 19. Bg2 Re7 20. Re1 e5 21. fxe5 dxe5 22. Bd5+ Kg7 23. Qf3 Qd6 24. Rf1 Rc7 25. Rbe1 Bh3 26. Rf2 h5 27. Bxb7 Ra7 28. Bd5 Bg4 29. Qg2 Bf5 30. Be4 Rf7 31. Ref1 Qd7 32. Bxf5 gxf5 33. Re1 Qd6 34. Qd5 Qxd5 35. cxd5 Kf6 36. Rc2 Rfc7 37. Rc5 Re7 38. Rc6+ Kg5 39. d6 Re8 40. Kf2 a5 41. d7 Rxd7 42. h4+ 1-0

[Event "GRE-chT U16"]
[Site "Thessaloniki"]
[Date "2021.12.18"]
[Round "4.5"]
[White "Miliou, Pinelopi"]
[Black "Gkoutzouki, Aikaterini Argyro"]
[Result "1/2-1/2"]
[WhiteElo "1391"]
[BlackElo "1522"]
[PlyCount "64"]
[EventDate "2021.12.16"]
[EventType "team-swiss"]
[EventRounds "6"]
[EventCountry "GRE"]
[SourceTitle "CBM 205 Extra"]
[Source "ChessBase"]
[SourceDate "2022.01.31"]
[SourceVersion "1"]
[SourceVersionDate "2022.01.31"]
[SourceQuality "1"]
[WhiteTeam "Xanthis"]
[BlackTeam "Kerkiras"]
[WhiteTeamCountry "GRE"]
[BlackTeamCountry "GRE"]

1. c4 e6 2. Nc3 Nf6 3. e4 d5 4. cxd5 exd5 5. e5 Ng8 6. d4 Be6 7. Nf3 h6 8. Be2 Ne7 9. 0-0 g6 10. Na4 Nd7 11. b3 Bg7 12. Bb2 0-0 13. Rc1 Rc8 14. Nc5 Nxc5 15. Rxc5 Qd7 16. Qd2 Rfd8 17. Rfc1 Bf8 18. R5c2 Nf5 19. h3 a6 20. g4 Ne7 21. Nh2 Bg7 22. f4 Rf8 23. Ba3 f6 24. Rf1 f5 25. Kh1 Rf7 26. Rc3 Rcf8 27. Rg3 Kh7 28. g5 Rg8 29. h4 Rff8 30. Rc1 Rb8 31. Rgc3 Rgc8 32. Qc2 c6 1/2-1/2

[Event "GRE-chT U16"]
[Site "Thessaloniki"]
[Date "2021.12.17"]
[Round "3.5"]
[White "Miliou, Pinelopi"]
[Black "Christodoulou, Georgia"]
[Result "0-1"]
[WhiteElo "1391"]
[BlackElo "1381"]
[PlyCount "78"]
[EventDate "2021.12.16"]
[EventType "team-swiss"]
[EventRounds "6"]
[EventCountry "GRE"]
[SourceTitle "CBM 205 Extra"]
[Source "ChessBase"]
[SourceDate "2022.01.31"]
[SourceVersion "1"]
[SourceVersionDate "2022.01.31"]
[SourceQuality "1"]
[WhiteTeam "Xanthis"]
[BlackTeam "Patron"]
[WhiteTeamCountry "GRE"]
[BlackTeamCountry "GRE"]

1. c4 Nf6 2. Nc3 e6 3. e4 d6 4. d4 c5 5. Nge2 Nc6 6. g3 e5 7. dxc5 dxc5 8. Qxd8+ Kxd8 9. Bg2 Be6 10. b3 a6 11. 0-0 Kc7 12. Nd5+ Bxd5 13. exd5 Nd4 14. Nxd4 exd4 15. Bf4+ Bd6 16. Bxd6+ Kxd6 17. Rfe1 Rhe8 18. h3 b5 19. Rxe8 Rxe8 20. Kf1 bxc4 21. bxc4 Rb8 22. a3 Rb2 23. Ke1 Rc2 24. Bf1 Nd7 25. f4 Nb6 26. Rb1 Nxc4 27. Bxc4 Rxc4 28. Rb6+ Kxd5 29. Rxa6 Rc1+ 30. Kd2 Rh1 31. h4 Rg1 32. Ra7 Rxg3 33. Rxf7 Rg2+ 34. Kd1 d3 35. Re7 Kd4 36. a4 Kc3 37. Re3 Rg1+ 38. Re1 Rxe1+ 39. Kxe1 Kc2 0-1

[Event "GRE-chT U16"]
[Site "Thessaloniki"]
[Date "2021.12.16"]
[Round "1.5"]
[White "Miliou, Pinelopi"]
[Black "Ergazaki, Eirini"]
[Result "0-1"]
[WhiteElo "1391"]
[BlackElo "1620"]
[PlyCount "117"]
[EventDate "2021.12.16"]
[EventType "team-swiss"]
[EventRounds "6"]
[EventCountry "GRE"]
[SourceTitle "CBM 205 Extra"]
[Source "ChessBase"]
[SourceDate "2022.01.31"]
[SourceVersion "1"]
[SourceVersionDate "2022.01.31"]
[SourceQuality "1"]
[WhiteTeam "Xanthis"]
[BlackTeam "OFI"]
[WhiteTeamCountry "GRE"]
[BlackTeamCountry "GRE"]

1. c4 e6 2. Nc3 d5 3. d4 Nf6 4. Bf4 a6 5. e3 Be7 6. Nf3 0-0 7. Bd3 Nbd7 8. 0-0 dxc4 9. Bxc4 b5 10. Be2 Bb7 11. Ne5 Nb6 12. Bf3 Nfd5 13. Nxd5 Nxd5 14. Rc1 Bd6 15. Bg3 Qe8 16. Nd3 Bc6 17. Ne5 Bb7 18. Nd3 f5 19. Nc5 Bc8 20. Bxd6 cxd6 21. Bxd5 exd5 22. Nd3 Rf6 23. Rc7 Be6 24. Nf4 Bf7 25. Qc2 g5 26. Nd3 Qe4 27. Nb4 f4 28. Qxe4 dxe4 29. a3 fxe3 30. fxe3 Rxf1+ 31. Kxf1 Bc4+ 32. Kg1 Rf8 33. g3 Rf1+ 34. Kg2 Re1 35. b3 Bxb3 36. Rc8+ Kf7 37. Rc3 Bc4 38. Nxa6 Re2+ 39. Kg1 Bd3 40. Nb4 Rxe3 41. Nxd3 Rxd3 42. Rxd3 exd3 43. Kf2 Ke6 44. Ke3 Kd5 45. Kxd3 g4 46. Kc3 Ke4 47. Kb4 Kxd4 48. Kxb5 d5 49. a4 Ke3 50. a5 d4 51. a6 d3 52. a7 d2 53. a8Q d1Q 54. Qe8+ Kf2 55. Qf7+ Kg1 56. Qh5 Qb1+ 57. Kc5 Qg6 58. Qh4 Kg2 59. Kd4 0-1